Refurbishment (Record no. 1631)

MARC details
000 -LEADER
fixed length control field 00656cab a2200205 4500
001 - CONTROL NUMBER
control field ABS37185
008 - FIXED-LENGTH DATA ELEMENTS--GENERAL INFORMATION
fixed length control field 090401t1986 xxu||||| |||| 00| 0 eng d
035 ## - SYSTEM CONTROL NUMBER
System control number (Sirsi) u2704
041 ## - LANGUAGE CODE
Language code of text/sound track or separate title eng
100 ## - MAIN ENTRY--PERSONAL NAME
Personal name Slavid, R.
245 ## - TITLE STATEMENT
Title Refurbishment
260 ## - PUBLICATION, DISTRIBUTION, ETC.
Date of publication, distribution, etc. 1986
350 ## - PRICE (NR) (BK AM CF MU VM SE) [OBSOLETE]
Price 0
490 ## - SERIES STATEMENT
Series statement Construction News
Volume/sequential designation (5992) 27 November 1986, 17-21(5)
520 ## - SUMMARY, ETC.
Summary, etc. Describes individual projects and their specific problems, including the Phoenix Assurance Building in the City of London ,the Manchester Midland Hotel and Missenden Abbey in Buckinghamshire.
690 ## - LOCAL SUBJECT ADDED ENTRY--TOPICAL TERM (OCLC, RLIN)
Topical term or geographic name as entry element Refurbishment
9 (RLIN) 6264
700 ## - ADDED ENTRY--PERSONAL NAME
Personal name Bell, G.
942 ## - ADDED ENTRY ELEMENTS (KOHA)
Suppress in OPAC 0
948 ## - LOCAL PROCESSING INFORMATION (OCLC); SERIES PART DESIGNATOR (RLIN)
c (OCLC) 04/03/1997
Holdings
Withdrawn status Lost status Source of classification or shelving scheme Damaged status Not for loan Home library Current library Shelving location Date acquired Total Checkouts Full call number Barcode Date last seen Copy number Price effective from Koha item type
    Dewey Decimal Classification     London London Journal article 14/09/1999   ABS37185 2704-1001 06/08/2019 1 06/08/2019 Journal article